| 000 | 00389nam a22001337a 4500 | ||
|---|---|---|---|
| 082 |
_a330 _bDAS/E |
||
| 100 | _aDAS, SHIV | ||
| 245 |
_aCBSE PAST YEARS' QUESTION PAPERS ECONOMICS _bCLASS XII |
||
| 260 |
_aDELHI _bSHIV DAS & SONS _c2014 |
||
| 300 | _a80 | ||
| 520 | _a6 YEARS CBSE QUESTION PAPERS, INCLUDING LATEST SAMPLE QP NOVEMBER 2013 | ||
| 650 |
_aECONOMICS REFERENCE _zINDIA |
||
| 942 | _cBK | ||
| 999 |
_c1695 _d1695 |
||